000 00423nam a2200181Ia 4500
008 100917s9999 xx 000 0 und d
082 _b37283
100 _aLeadbeater C. W.
245 _aDreams
260 _bTheosophical Publishing Society
_c1916
300 _a69
365 _b0
520 _aइंग्रजी
630 _aDreams
650 _aइंग्रजी
730 _aDreams
942 _cBOOK
999 _c642677
_d642674